000 00559nam a2200205Ii 4500
003 JO-AjNU
008 230606s9999||||xx |||||||||||||| ||und||
020 _a5- 03- 001692- 9
040 _aJO-AjNU
_beng
_erda
_cJO-AjNU
041 _aeng
050 1 4 _aQA300 1990
100 3 _aBERMAN, G.N,
_eauthor
_96088
245 0 2 _aA Problem BOOK in Mathematical Analysis
250 _a5ed
264 3 1 _aMoscow: Mir publisher, 1990
300 _a483p
336 _atext
_btxt
_2rdacontent
337 _aunmediated
_bn
_2rdamedia
338 _avolume
_bnc
_2rdacarrier
999 _aE3159
_c3155
_d3155